000 02150ncm0a2200385 4500
001 RU\NLR\ONIZ\212206
005 20250624195654.0
021 _aRU
_b10-243н
_910-19н
035 _aRU\NLR\ONIZ\Таня\5000002476\20150624152113
035 _a(NLR Aleph) 010891738
071 2 0 _aЖ.И. 094(Н061)
090 _a10557788
_c10557788
100 _a20150624d2004 |||y0rusy50 ca
101 0 _arus
102 _aRU
125 _azx
128 _ascs
145 0 _aa
200 1 _aВсенощное бдение и Божественная Литургия св. Иоанна Златоустого обычного напева
_bНоты
_eор.50
_eв 2 тетр.
_hТетр. 1
_iВсенощное бдение обычного напева
_fП. Чесноков
210 _aМосква
_cЖивоносный источник
_d2004
215 _a90, [1] c.
_cпортр.
_d29 см
225 1 _aДуховные произведения для смеш. хора a cappella
_vВып. 2
313 _aСистематизация документа проведена по изданию - Методика классифицирования музыкальных произведений (нотных изданий) по таблицам Библиотечно-библиографических классификаций : метод. рекомендации / Гос. б-ка СССР им. В.И. Ленина.- М., 1977. Индексу ББК методических рекомендаций присваивается код ББК для научных библиотек - LBC/SL
686 _aЩ99(2Р)
_vLBC/SL
_2rubbk
700 1 _9z01790
_aЧесноков
_bП. Г.
_f1877-1944
_gПавел Григорьевич
_4230
_7ca
790 1 _9z01700
_aChesnokov
_bP. G.
_f1877-1944
_gPavel Grigoryevich
_4230
_7ba
801 0 _aRU
_bNLR
_c20150624
_gPSBO
801 1 _aRU
_bNLR
_c20150624
_2rusmarc
801 2 _aRU
_bNLR
_c20190630
852 _aNLR
_bМ
_jК-3/24585(2.1)
_pМОЭ 2010-19н/243н
_t1
852 _aNLR
_bМ
_jК-3/24585(2.1)а
_pМОЭ 2010-19н/243на
_t2
942 _cSCORE
980 _aNB
980 _aONIZ